01010nam a2200301 a 450000100060000000300090000600800410001502000180005604000280007404100130010208200160011510000240013124500450015525000120020026000390021230000270025149000210027849000170029950000330031652100360034959800150038565000410040070000230044194200120046499000770047699900150055395201400056826374CO-ViMGA141112s2004 ck r 000 u spa d a9788466646871 aCO-ViMGAbspacCO-ViMGA aspabeng04a597.31 G31t1 aGibbons, Lynn9350110aTiburones / cLynn Gibbons & Chris Coode a1a. ed. aBarcelona : bEdiciones B, cc2011 a[16] p. : il. ; 28 cm.0 aãAventuras 3D!0 aAventuras 3D aAcompañado de : 1 gafas 3D aNiños de 5 años en adelante aNEW - GRAL14aTiburones - Literatura juvenil935021 aCoode, Chris93503 2ddccBK aEdiciones B Colombia S.A. 1 ejemplar (importado) 21 29/09/2011 n a779345 c9917d9917 00102ddc40708001aMEVIGAELAbMEVIGAELAd2015-12-04h29/dic/2014l0o597.31 G31t p28002r2015-12-04 00:00:00tEj. 1w2015-12-04yBK